| 000 | 00447nam a2200169Ia 4500 | ||
|---|---|---|---|
| 008 | 170705s9999 xx 000 0 und d | ||
| 020 | _a9780439698894 | ||
| 245 | _aSam and the lucky money / | ||
| 245 | _cKaren Chinn ; illustrated by Cornelius Van Wright and mYing-Hwa Hu. | ||
| 260 | _aNew York : | ||
| 260 | _bScholastic, | ||
| 260 | _c1995 | ||
| 300 | _aunpaged : | ||
| 300 | _bcolor illustration ; | ||
| 300 | _c26cm. | ||
| 500 | _a660 | ||
| 999 |
_c336822 _d336822 |
||